Жизнь и реформы: в 2 кн.

Dettagli Bibliografici
Autore principale: Горбачев М. С. Михаил Сергеевич
Lingua:russo
Pubblicazione: Москва, Новости, 1995
Natura: MixedMaterials Libro
KOHA link:https://koha.lib.tpu.ru/cgi-bin/koha/opac-detail.pl?biblionumber=251061

MARC

LEADER 00000nam1a2200000 4500
001 251061
005 20231101232624.0
010 |a 5702009533 
035 |a (RuTPU)RU\TPU\book\273314 
090 |a 251061 
100 |a 20140218d1995 m y0rusy50 ca 
101 0 |a rus 
102 |a RU 
200 1 |a Жизнь и реформы  |e в 2 кн.  |f М. С. Горбачев 
210 |a Москва  |c Новости  |d 1995 
700 1 |a Горбачев  |b М. С.  |c генеральный секретарь ЦК КПСС  |c 1-й и последний президент СССР  |f 1931-  |g Михаил Сергеевич  |2 stltpush  |3 (RuTPU)RU\TPU\pers\1057  |9 476 
801 1 |a RU  |b 63413507  |c 20140218 
942 |c BK